000 00578nam a22001817a 4500
003 OSt
005 20260508051217.0
008 260430b |||||||| |||| 00| 0 eng d
020 _a978-0-375-42599-8
040 _aDWCL-Main Lib
_cOC
082 _aGR. 423 R186 2001
110 _aRANDOM HOUSE REFERENCE
_eCorporate Author
245 _aRandom House Websters unabridged dictionary /
_cRANDOM HOUSE
260 _aNew York :
_bRandom House reference,
_cc2001.
300 _a2230 p. ;
_c29 cm.
_e(with CD-ROM)
650 _aDictionaries - English.
942 _2ddc
_cBK-GR
_mGR.
_n0
999 _c10052
_d10052